000 00363nam a2200133 i 4500
001 bg
100 1 _aNICZYPOROWICZ, E.
245 0 _aKrzywe płaskie. Wybrane zagadnienia z geometrii analitycznej i różniczkowej /
_cE. Niczyporowicz.
260 _aWarszawa,
_c1991.
040 _cBPK
041 _apol
942 _cKS
008 s pl f |000 0 pol
999 _c4565
_d4565
856 _uhttp://koha.tu.koszalin.pl/cgi-bin/koha/opac-detail.pl?biblionumber=4565
_yKatalog online BPK